000 00373nam a22001457a 4500
003 OSt
008 250530b |||||||| |||| 00| 0 eng d
020 _a9788170845591
100 _aTRIPATHI, Brahmanand
245 _aAstangahrdayam of Srimadvagbhata
260 _aNew Delhi
_bChaukhamba Sanskrit Pratishthan
_c2022
300 _a336
650 _aGeneral
942 _2ddc
_cBK
999 _c13628
_d13628